Wszystkie księgi, ewangelie i listy w biblii. - Statystyki

Ogólne statystyki
  • Ten quiz został rozwiązany 45 razy
  • Średni wynik to 42 z 73
Statystyki odpowiedzi
Skrót Księga % Poprawnych
Mk Ewangelia wg. Św. Marka
94%
Mt Ewangelia wg. Św. Mateusza
94%
Rdz Księga Rodzaju
94%
Łk Ewangelia wg. Św. Łukasza
90%
Wj Księga Wyjścia
90%
J Ewangelia wg. Św. Jana
87%
Pwt Księga Powtórzonego Prawa
87%
Lb Księga Liczb
84%
2Kor Drugi List do Koryntian
81%
Kpł Księga Kapłańska
81%
Koh Księga Koheleta
81%
1Kor Pierwszy List do Koryntian
81%
Hi Księga Hioba
77%
Ef List do Efezjan
77%
Hbr List do Hebrajczyków
77%
Dz Dzieje Apostolskie
74%
Ez Księga Ezechiela
74%
Iz Księga Izajasza
74%
Ps Księga Psalmów
74%
Flp List do Filipian
74%
Rz List do Rzymian
74%
2Tes Drugi List do Tesaloniczan
71%
Jon Księga Jonasza
71%
Joz Księga Jozuego
71%
Mdr Księga Mądrości
71%
1Tes Pierwszy List do Tesaloniczan
71%
Ap Apokalipsa Św. Jana
68%
Jr Księga Jeremiasza
68%
Kol List do Kolosan
68%
Tyt List do Tytusa
68%
2Tm Drugi List do Tymoteusza
61%
Prz Księga Przysłów
61%
Ga List do Galatów
61%
1Tm Pierwszy List do Tymoteusza
61%
2Krl Druga Księga Królewska
58%
2J Drugi List Św. Jana
58%
Za Księga Zachariasza
58%
Syr Mądrość Syracha
58%
1Krl Pierwsza Księga Królewska
58%
1J Pierwszy List Św. Jana
58%
3J Trzeci List Św. Jana
55%
2P Drugi List Św. Piotra
52%
Rt Księga Rut
52%
1P Pierwszy List Św. Piotra
52%
PnP Pieśń nad Pieśniami
52%
2Sm Druga Księga Samuela
48%
Jdt Księga Judyty
48%
Jud List Św. Judy
48%
1Sm Pierwsza Księga Samuela
48%
Est Księga Estery
45%
Oz Księga Ozeasza
45%
Flm List do Filemona
45%
Sdz Księga Sędziów
42%
2Mch Druga Księga Machabejska
39%
Dn Księga Daniela
39%
Ezd Księga Ezdrasza
39%
Tb Księga Tobiasza
39%
Jk List Św. Jakuba
39%
1Mch Pierwsza Księga Machabejska
39%
2Krn Druga Księga Kronik
35%
Am Księga Amosa
35%
Ha Księga Habakuka
35%
So Księga Sofoniasza
35%
1Krn Pierwsza Księga Kronik
35%
Mi Księga Micheasza
32%
Lm Lamentacje Jeremiasza
32%
Ml Księga Malachiasza
29%
Ne Księga Nehemiasza
29%
Jl Księga Joela
26%
Ba Księga Barucha
19%
Ab Księga Abdiasza
16%
Ag Księga Aggeusza
16%
Na Księga Nahuma
16%
Nie znaleziono quizów pasujących do podanych kryteriów
Rozkład punktacji
Procent ludzi z każdym wynikiem
Percentyl według liczby udzielonych odpowiedzi
Twoja historia wyników
Nie rozwiązałeś tego quizu